000 00655nam a2200217Ii 4500
003 JO-AjNU
008 230605s9999||||xx |||||||||||||| ||und||
017 _a2011/12/4329
040 _aJO-AjNU
_bara
_erda
_cJO-AjNU
041 _aara
050 1 4 _aPJ7862.A35.A14 2011
100 3 _aتأليف الساكت، خالد,
_eauthor
_948318
245 0 0 _aالأعمال الأدبية الكاملة
250 _aط1
264 3 1 _aعمان:وزارة الثقافة،2011
300 _a602ص
336 _atext
_btxt
_2rdacontent
337 _aunmediated
_bn
_2rdamedia
338 _avolume
_bnc
_2rdacarrier
650 4 _aالأدب العربي
_948319
999 _aA21152
_c24720
_d24720